| 000 | 01515cam a2200397 i 4500 | ||
|---|---|---|---|
| 001 | 26517 | ||
| 003 | Mx-PuUPA | ||
| 005 | 20250502141017.0 | ||
| 008 | 140415s2001 sp a gr 001 0 spa d | ||
| 017 | _aM. 1.860-2001 | ||
| 020 | _a8423989178 | ||
| 040 |
_aMx-PuUPA _bspa _cMx-PuUPA _dMx-PuUPA _erda |
||
| 041 | 0 | _aspa | |
| 110 | 2 |
_aEspasa-Calpe, _99284 _eeditor |
|
| 245 | 1 | 3 |
_aEl legado del siglo XX / _cEspasa-Calpe, editor ; Alicia Escamilla Galindo, textos ; Manuel Durán Blázquez, Ángeles García del Olmo, Juan Miguel Sánchez Vigil, ilustración. |
| 264 | 1 |
_aMadrid, España : _bEspasa Calpe, _c©2001 |
|
| 300 |
_a239 páginas : _bilustraciones ; _c30 cm |
||
| 336 |
_2rdacontent _atexto _btxt |
||
| 336 |
_2rdacontent _aimagen fija _bsti |
||
| 337 |
_2rdamedia _asin medio _bn |
||
| 338 |
_2rdacarrier _avolumen _bnc |
||
| 650 | 7 |
_2armarc _aHistoria _ySiglo XX |
|
| 650 | 7 |
_2armarc _aHistoria contemporánea _zSiglo XX |
|
| 650 | 7 |
_2armarc _aHistoria moderna _ySiglo XX |
|
| 650 | 7 |
_2armarc _aHistoria universal _ySiglo XX |
|
| 650 | 7 |
_2armarc _aCiencias Políticas _ySiglo XX |
|
| 650 | 7 |
_2armarc _aHistoria social _ySiglo XX |
|
| 700 | 1 |
_aEscamilla Galindo, Alicia _eautor |
|
| 700 | 1 |
_aDurán Blázquez, Manuel, _eilustrador |
|
| 700 | 1 |
_aGarcía del Olmo, Ángeles, _eilustrador |
|
| 700 | 1 |
_aSánchez Vigil, Juan Miguel, _eilustrador |
|
| 942 |
_2ddc _cLI _h909.82 _iL46 |
||
| 999 |
_c26517 _d26517 |
||